| 000 | 00632nam a2200181 i 4500 | ||
|---|---|---|---|
| 001 | 125627 | ||
| 003 | ES-MaACL | ||
| 005 | 20250905141231.0 | ||
| 007 | t| | ||
| 008 | 070621s1902 sp ||||1| spa d | ||
| 245 | 0 | 0 | _aA la heroica memoria de Fernando Villaamil. |
| 260 |
_aValencia : _bLa Pequeña Industria, _c1902. |
||
| 300 |
_aP. 337-372 : _bil. ; _c25 cm. |
||
| 500 | _aSeparata de: "La Pequeña Industria : la revista popular de electricidad", Valencia, nº 22-23, 1 de febrero de 1902. | ||
| 600 | 1 | 4 |
_aVillaamil, Fernando, _d1845-1898- _vHomenajes _9114900 |
| 852 |
_aES-MaACL _jT-1029-F-9 |
||
| 999 |
_c125627 _d125627 |
||